00671nam a2200241 a 4500001001300000003000900013005001700022008004100039020001000080082002100090100001900111245003500130260003200165300000800197500003500205505001800240650002300258700001900281902000800300942000700308952010100315999001300416nice12345678IN_TiNIC20260116011323.0050524s1948 lona grp 000 0 eng  ac10000a909.0491411bRAW aRawlinson, H G aIndiab Short Cultural History aLondonbCresset Pressc1948 a454 aincludes index and biblioraphy2 aPlates, Index aCivilization-India1 aRawlinson, H G bSRS cBK 00104070aHMIbHMId2007-06-05g100.00l0o909.0491411 RAWp00870r2007-06-05w2026-01-16yEB c479d479